Countries That Do Not Contain Any Letters On The Bottom Row Of A Qwerty Keyboard - Statistics

General Stats
  • This quiz has been taken 63 times
  • The average score is 14 of 26
Answer Stats
Answer % Correct
Peru
77%
Russia
73%
Portugal
69%
Algeria
67%
Egypt
67%
Australia
65%
Austria
65%
Togo
63%
Laos
60%
Iraq
58%
Paraguay
58%
Uruguay
58%
Qatar
56%
Turkey
56%
Fiji
54%
Italy
54%
Eritrea
50%
Palau
50%
Ethiopia
48%
Israel
48%
Georgia
44%
Syria
44%
South Korea
42%
Haiti
40%
Kuwait
40%
Lesotho
40%
No matching quizzes found
Score Distribution
Percent of People with Each Score
Percentile by Number Answered
Your Score History
You have not taken this quiz